| Tag |
First Indicator |
Second Indicator |
Subfields |
| LEADER |
00000cam a2200000 a 4500 |
| 001 |
in00000074482 |
| 005 |
20151008053547.0 |
| 008 |
740507s1963 nyu b 00010 engm |
| 010 |
|
|
|a 63010255
|
| 020 |
|
|
|a 0396067581
|
| 035 |
|
|
|a (OCoLC)00879495
|
| 035 |
|
|
|9 AAH7841AM
|
| 040 |
|
|
|a DLC
|c WAL
|d SER
|d m.c.
|d TXA
|d UtOrBLW
|
| 043 |
|
|
|a e------
|
| 049 |
|
|
|a TXAM
|c [985243]
|
| 050 |
0 |
0 |
|a D424
|b .W7
|
| 082 |
0 |
|
|a 940.2
|
| 100 |
1 |
|
|a Wright, Gordon,
|d 1912-2000.
|
| 245 |
1 |
3 |
|a An age of controversy :
|b discussion problems in twentieth-century European history /
|c Gordon Wright and Arthur Mejia, Jr.
|
| 264 |
|
1 |
|a New York :
|b Dodd, Mead,
|c 1963.
|
| 300 |
|
|
|a xii, 506 pages ;
|c 24 cm.
|
| 336 |
|
|
|a text
|b txt
|2 rdacontent
|
| 337 |
|
|
|a unmediated
|b n
|2 rdamedia
|
| 338 |
|
|
|a volume
|b nc
|2 rdacarrier
|
| 504 |
|
|
|a Includes bibliographical references.
|
| 651 |
|
0 |
|a Europe
|x History
|y 20th century.
|
| 700 |
1 |
|
|a Mejia, Arthur.
|
| 999 |
|
|
|a MARS
|
| 999 |
f |
f |
|s f23008be-aefc-3ad8-8c40-5764e573549b
|i 1adcf0a2-8cb6-304a-9d02-efa15efa20ab
|t 0
|
| 952 |
f |
f |
|p ric
|a Texas A&M University
|b Rellis Campus
|c Joint Library Facility
|d Remote Storage
|t 0
|e D424 .W7
|h Library of Congress classification
|i unmediated -- volume
|m A14806094614
|
| 998 |
f |
f |
|a D424 .W7
|t 0
|l Remote Storage
|